Entre la poesía y el conocimiento: antología de ensayos críticos sobre poetas y poesía iberoamericanos

محفوظ في:
التفاصيل البيبلوغرافية
المؤلف الرئيسي: Xirau, Ramón (مؤلف)
التنسيق: كتاب
اللغة:الإسبانية
منشور في: Ciudad de México Fondo de Cultura Económica 2001
الموضوعات:
الوسوم: إضافة وسم
لا توجد وسوم, كن أول من يضع وسما على هذه التسجيلة!

MARC

LEADER 00000nam a2200000 a 4500
001 UCM7982
003 CL-VaPUC
008 030117e20010000MX |||||||||||||||||spa|d
082 0 4 |a 861.9  |b XIR  |2 21 
100 0 |a Xirau, Ramón  |e author  |9 473801 
245 1 0 |a Entre la poesía y el conocimiento: antología de ensayos críticos sobre poetas y poesía iberoamericanos 
300 |a 570 p 
942 |c BK 
945 |d 20030117 00:00:00  |a cmena 
260 |a Ciudad de México  |b Fondo de Cultura Económica  |c 2001 
650 7 |a POESIA IBEROAMERICAN  |2 CL-VaPUC  |9 473802 
650 0 |a Crítica e interpretación literaria  |9 266284 
583 |a last modification  |c 20030117 00:00:00  |k Rodrigo Vera 
999 |c 302602  |d 302600 
952 |0 0  |1 0  |4 0  |6 861_900000000000000_XIR_2001  |7 0  |8 A  |9 363287  |a FDOPOS  |b FDOPOS  |d 2019-11-21  |i 3877752  |o 861.9 XIR 2001  |p 3877752  |r 2025-01-22  |w 2019-11-21  |y BK  |k MLH